Pilotes de Formule 2 - 2025 - Statistiques

Statistiques générales
  • Ce quiz a été pris 9 fois
  • Le résultat moyen est 11 sur 24
Statistiques - réponses
Écurie Nationalité pilote Pilote % Correct
Campos Racing Espagne Josep Marti
88%
ART Grand Prix France Victor Martins
88%
Invicta Racing Italie Leonardo Fornaroli
75%
Rodin Motorsport Irlande Alex Dunne
63%
Prema Racing Italie Gabriele Mini
63%
MP Motorsport Pays-Bas Richard Verschoor
63%
Trident France Samy Meguetounif
63%
Campos Racing Royaume-Uni Arvid Lindblad
50%
Hitech TGR Suède Dino Beganovic
50%
Invicta Racing Tchéquie Roman Stanek
50%
Prema Racing Colombie Sebastian Montoya
50%
Rodin Motorsport Belgique Amaury Cordeel
38%
AIX Racing Royaume-Uni Cian Shields
38%
DAMS Lucas Oil USA Jak Crawford
38%
AIX Racing Paraguay Joshua Dürksen
38%
DAMS Lucas Oil Inde Kush Maini
38%
Hitech TGR Royaume-Uni Luke Browning
38%
Trident USA Max Esterson
38%
Van Amersfoort Racing (VAR) Mexique Rafael Villagomez
38%
ART Grand Prix Japon Ritomo Miyata
38%
Van Amersfoort Racing (VAR) Royaume-Uni John Bennett
25%
Trident Pays-Bas Laurens Van Hoepen
25%
Trident Norvège Martinius Stenshorne
25%
MP Motorsport Danemark Oliver Goethe
25%
Aucun quiz correspondant
Distribution des résultats
% des personnes avec chaque résultat
Percentile par nombre de réponses
Votre historique - résultats
Vous n’avez pas pris ce quiz